Państwa Europy po tablicy rejestracyjnej - Statystyki

Ogólne statystyki
  • Ten quiz został rozwiązany 55 razy
  • Średni wynik to 8 z 10
Statystyki odpowiedzi
# Odpowiedź % Poprawnych
PL Polska
100%
NL Holandia
96%
RO Rumunia
94%
D Niemcy
92%
BG Bułgaria
83%
HR Chorwacja
81%
I Włochy
77%
TR Turcja
69%
V Watykan
63%
RKS Kosowo
50%
Nie znaleziono quizów pasujących do podanych kryteriów
Rozkład punktacji
Procent ludzi z każdym wynikiem
Percentyl według liczby udzielonych odpowiedzi
Twoja historia wyników
Nie rozwiązałeś tego quizu